|
LDR
| 02016nam a22005055i 4500 |
|---|
| 001 | 32266 |
|---|
| 003 | CONS |
|---|
| 005 | 20130727074937.0 |
|---|
| 007 | cr nn 008mamaa |
|---|
| 008 | 130107s2013 gw | s |||| 0|eng d |
|---|
| 020 | | . |
‡a9783642357053
‡9978-3-642-35705-3 |
|---|
| 024 | 7 | . |
‡a10.1007/978-3-642-35705-3
‡2doi |
|---|
| 035 | | . |
‡a(DE-He213)978-3-642-35705-3 |
|---|
| 050 | | 4. |
‡aQA76.9.L63 |
|---|
| 050 | | 4. |
‡aQA76.5913 |
|---|
| 050 | | 4. |
‡aQA76.63 |
|---|
| 072 | | 7. |
‡aUM
‡2bicssc |
|---|
| 072 | | 7. |
‡aUYF
‡2bicssc |
|---|
| 072 | | 7. |
‡aCOM051000
‡2bisacsh |
|---|
| 072 | | 7. |
‡aCOM036000
‡2bisacsh |
|---|
| 100 | 1 | . |
‡aWolff, Burkhart.
‡eeditor. |
|---|
| 245 | 1 | 0. |
‡aUnifying Theories of Programming
‡h[electronic resource] :
‡b4th International Symposium, UTP 2012, Paris, France, August 27-28, 2012, Revised Selected Papers /
‡cedited by Burkhart Wolff, Marie-Claude Gaudel, Abderrahmane Feliachi. |
|---|
| 264 | | 1. |
‡aBerlin, Heidelberg :
‡bSpringer Berlin Heidelberg :
‡bImprint: Springer,
‡c2013. |
|---|
| 300 | | . |
‡aVIII, 249 p. 4 illus.
‡bonline resource. |
|---|
| 336 | | . |
‡atext
‡btxt
‡2rdacontent |
|---|
| 337 | | . |
‡acomputer
‡bc
‡2rdamedia |
|---|
| 338 | | . |
‡aonline resource
‡bcr
‡2rdacarrier |
|---|
| 347 | | . |
‡atext file
‡bPDF
‡2rda |
|---|
| 490 | 1 | . |
‡aLecture Notes in Computer Science,
‡x0302-9743 ;
‡v7681 |
|---|
| 650 | | 0. |
‡aComputer science. |
|---|
| 650 | | 0. |
‡aSoftware engineering. |
|---|
| 650 | | 0. |
‡aLogic design. |
|---|
| 650 | 1 | 4. |
‡aComputer Science. |
|---|
| 650 | 2 | 4. |
‡aLogics and Meanings of Programs. |
|---|
| 650 | 2 | 4. |
‡aProgramming Languages, Compilers, Interpreters. |
|---|
| 650 | 2 | 4. |
‡aSoftware Engineering. |
|---|
| 650 | 2 | 4. |
‡aMathematical Logic and Formal Languages. |
|---|
| 650 | 2 | 4. |
‡aComputation by Abstract Devices. |
|---|
| 700 | 1 | . |
‡aGaudel, Marie-Claude.
‡eeditor. |
|---|
| 700 | 1 | . |
‡aFeliachi, Abderrahmane.
‡eeditor. |
|---|
| 710 | 2 | . |
‡aSpringerLink (Online service) |
|---|
| 773 | 0 | . |
‡tSpringer eBooks |
|---|
| 776 | 0 | 8. |
‡iPrinted edition:
‡z9783642357046 |
|---|
| 830 | | 0. |
‡aLecture Notes in Computer Science,
‡x0302-9743 ;
‡v7681 |
|---|
| 856 | 4 | 0. |
‡uhttp://biblioteca.ipicyt.edu.mx:2048/login?url=http://dx.doi.org/10.1007/978-3-642-35705-3
‡yTexto completo
‡9CONS |
|---|
| 950 | | . |
‡aComputer Science (Springer-11645) |
|---|
| 901 | | . |
‡a32266
‡b
‡c32266
‡tbiblio
‡sSystem Local |
|---|